| 000 | 00354nam a2200145Ia 4500 | ||
|---|---|---|---|
| 008 | 220613s9999||||xx |||||||||||||| ||und|| | ||
| 020 | _a9780323776394 | ||
| 100 | _aGary S Firestein | ||
| 245 | 0 | _aFirestein Kelley text Book of Rheumatology | |
| 250 | _a11th/2021 | ||
| 260 | _bElsevier | ||
| 300 | _a1180 | ||
| 650 | _aRheumatology | ||
| 942 | _cMEDI | ||
| 999 |
_c12170 _d12170 |
||